Ujamaa villages as a collective development strategy in Tanzania's economic development /

Bibliographic Details
Main Author: Ndissi, Chacha
Format: Thesis Microform Book
Language:English
Published: [Place of publication not identified] : [publisher not identified] ; 1976.
Subjects:

MARC

Tag First Indicator Second Indicator Subfields
LEADER 00000cam a2200000 a 4500
001 in00000009387
005 20151007051532.0
007 he amb|||||||
008 880322r19761976miub bb 00010 eng d
035 |a (OCoLC)17660378 
035 |9 AAA3472AM 
040 |a TXA  |c TXA  |d UtOrBLW 
043 |a f-tz--- 
049 |a TXAI 
099 |a fiche  |a C  |a 6924 
100 1 |a Ndissi, Chacha. 
245 1 0 |a Ujamaa villages as a collective development strategy in Tanzania's economic development /  |c by Chacha Ndissi. 
264 1 |a [Place of publication not identified] :  |b [publisher not identified] ;  |c 1976. 
300 |a vii, 146 leaves :  |b maps. 
336 |a text  |b txt  |2 rdacontent 
337 |a microform  |b h  |2 rdamedia 
338 |a microfiche  |b he  |2 rdacarrier 
502 |b Ph. D.  |c George Washington University  |d 1976. 
500 |a Vita. 
504 |a Bibliography: leaves 139-146. 
533 |a Microfiche.  |b Ann Arbor, Mich. :  |c Xerox University Microfilms,  |d 1976.  |e 2 microfiches ; 11 x 15 cm. 
500 |a Microform. 
650 0 |a Rural development  |z Tanzania. 
651 0 |a Tanzania  |x Economic conditions. 
999 |a MARS 
999 f f |s 9a3ef188-8a0c-33bb-b0a8-9a2f4a1e58f3  |i f3e51389-4282-3fd7-bba1-433ddc5babcc  |t 0 
952 f f |p normal  |a Texas A&M University  |b College Station  |c Sterling C. Evans Library  |d Evans: Microforms (3rd floor)  |t 0  |e fiche C 6924  |h Other scheme  |i microform -- microfiche  |m A14823020636 
998 f f |a fiche C 6924  |t 0  |l Evans: Microforms (3rd floor)